000 00795pam a2200253 a 4500
001 708634
005 20180306072309.0
008 970430s1998 mau b 001 0 eng
010 _a 97020348
020 _a0631200282 (alk. paper)
020 _a0631200290 (pbk. : alk. paper)
040 _aDLC
_cDLC
_dDLC
041 _aeng
080 _a801 RIV
082 0 0 _a801 RIV
_221
100 _a22
101 _aGJL
245 0 0 _aLiterary theory, an anthology /
_cedited by Julie Rivkin and Michael Ryan.
504 _aIncludes bibliographical references and index.
906 _a7
_bcbc
_corignew
_d1
_eocip
_f19
_gy-gencatlg
942 _2ddc
_cBK
999 _c44178
_d44178